Literature and Politics in the Age of Nationalism (Record no. 13533)

MARC details
000 -LEADER
fixed length control field 00681nam a2200241 a 4500
020 ## - INTERNATIONAL STANDARD BOOK NUMBER
ISBN 9780415480642
082 00 - DEWEY DECIMAL CLASSIFICATION NUMBER
Classification number 324.245
Author Cutter AHM
100 ## - MAIN ENTRY--AUTHOR NAME
Author name Ahmed, Talat
245 ## - TITLE STATEMENT
Title Literature and Politics in the Age of Nationalism
Sub title The Progressive Writer`s Movement in South Asia, 1932-56
260 ## - PUBLICATION, DISTRIBUTION, ETC. (IMPRINT)
Place of publication London
Name of publisher Routledge Chapman Hall
Year of publication 2009
300 ## - PHYSICAL DESCRIPTION
Number of Pages 205p
500 ## - GENERAL NOTE
General note includes index and biblioraphy
505 2# - FORMATTED CONTENTS NOTE
Formatted contents note Bibliography, Index
650 ## - SUBJECT ADDED ENTRY--TOPICAL TERM
Topical Term Nationalism
942 ## - ADDED ENTRY ELEMENTS (KOHA)
Koha item type Books
700 1# -
-- Ahmed, Talat
Holdings
Collection code Home library Current library Date acquired Cost, normal purchase price Full call number Accession Number Koha item type
  Henry Martyn Institute Library Henry Martyn Institute Library 08/09/2012 595.00 324.245 AHM 023840 Books
                   Copyright © 2026 | Henry Martyn Institute | Hyderabad | TS-500052 | INDIA | Implemented by hmi.edu.in
Hit-Count:

Powered by Koha